Estadísticas para Países cerca del Golfo Pérsico

Haz click aquí para intentar la prueba.

Estadísticas generales

  • Esta prueba ha sido intentada 2.264 veces
  • La puntuación promedio es 20 de 22

Estadísticas de respuestas

kmPaísmillas% Correcto
0Arabia Saudita0
99%
0Irán0
99%
0Irak0
98%
0Omán0
98%
551Yemen343
97%
0Catar0
96%
0Emiratos Árabes Unidos0
96%
0Kuwait0
96%
1198Israel745
95%
440Pakistán273
95%
846Siria526
95%
502Afganistán312
93%
1128India701
93%
863Jordania536
93%
843Turquía524
92%
0Baréin0
90%
1181Líbano734
90%
890Azerbaiyán553
88%
968Armenia601
87%
1208Georgia751
87%
1036Turkmenistán644
80%
1207Rusia750
73%

Distribución de puntuación

Porcentaje por número respondido

Porcentaje de gente con cada puntuación

Historial de tus puntuaciones

No has intentado esta prueba.